000 00296nam a2200109 4500
999 _c11124
_d11124
008 181012b ||||| |||| 00| 0 eng d
245 _aMaking youth leadership fashionable.
260 _aDavao City
_bSun Star Davao
_cc2018
300 _apage B2.
650 0 _932152
_aLeadership.
942 _2ddc
_cPER